000 00781nam a22002537a 4500
001 BR7803431
003 BR-BrBNA
005 20230928085619.0
007 ta
008 230509b bl.||||| |||| 00| 0 por d
040 _aBR-BrBNA
_bpor
_cBiblioteca Nacional de Agricultura
041 _a(Spa, Por)
072 _aA00
_b/G514
090 _ A00 BR7803431
100 1 _aAlmeida, I.M. de
110 1 _aEmpresa Brasileira de Pesquisa Agropecuaria, Brasilia, DF. Depto. de Informacao e Documentacao
_93872
245 1 _aBanco de bibliografias [Empresa Brasileira de Pesquisa Agropecuaria; Bibliografia]
260 3 _aBrasilia, DF (Brasil):
_c1978.
300 _a68 p.
650 _aAgricultura
650 _aBibliografia
909 _a202309
_bLucia
_c55
_dLucia Elande
942 _cBK
999 _c25383
_d25383